ბათუმის შოთა რუსთაველის სახელმწიფო უნივერსიტეტის ბიბლიოთეკა

Prime Time 1: Student's Book (ბიბ.ჩანაწერი № 51271)

000 -LEADER
fixed length control field 00656nam a2200253Ia 4500
001 - CONTROL NUMBER
control field 18233
003 - CONTROL NUMBER IDENTIFIER
control field GE_BSU
008 - FIXED-LENGTH DATA ELEMENTS--GENERAL INFORMATION
fixed length control field 181216s||||||||xx |||||||||||||| ||und||
020 ## - INTERNATIONAL STANDARD BOOK NUMBER
International Standard Book Number 9781780984421
040 ## - CATALOGING SOURCE
Transcribing agency GE_BSU
080 ## - UNIVERSAL DECIMAL CLASSIFICATION NUMBER
Universal Decimal Classification number 811.111(075.8)
100 ## - MAIN ENTRY--PERSONAL NAME
Personal name Evans Virginia, Jenny Dooley.
245 ## - TITLE STATEMENT
Title Prime Time 1: Student's Book
260 ## - PUBLICATION, DISTRIBUTION, ETC.
Place of publication, distribution, etc. Newbury
260 ## - PUBLICATION, DISTRIBUTION, ETC.
Name of publisher, distributor, etc. Express Publishing
260 ## - PUBLICATION, DISTRIBUTION, ETC.
Date of publication, distribution, etc. 2012
300 ## - PHYSICAL DESCRIPTION
Extent 135p;ill,col,30cm.
300 ## - PHYSICAL DESCRIPTION
Accompanying material +1CD-Rom
653 ## - INDEX TERM--UNCONTROLLED
Uncontrolled term grammar
653 ## - INDEX TERM--UNCONTROLLED
Uncontrolled term Prime Time 1: Student's Book
653 ## - INDEX TERM--UNCONTROLLED
Uncontrolled term ინგლისური ენა(გრამატიკა)
942 ## - ADDED ENTRY ELEMENTS (KOHA)
Koha item type წიგნი
ეგზემპლარები
Withdrawn status Lost status Damaged status Not for loan Date acquired Barcode Date last seen Price effective from Koha item type
        2018-12-17 46455 2018-12-17 2018-12-17 წიგნი
        2018-12-17 46456 2018-12-17 2018-12-17 წიგნი
        2018-12-17 46457 2018-12-17 2018-12-17 წიგნი
        2018-12-17 46458 2018-12-17 2018-12-17 წიგნი
        2018-12-17 46459 2018-12-17 2018-12-17 წიგნი
        2018-12-17 46460 2018-12-17 2018-12-17 წიგნი
        2018-12-17 46461 2018-12-17 2018-12-17 წიგნი
        2018-12-17 46462 2018-12-17 2018-12-17 წიგნი
        2018-12-17 46463 2018-12-17 2018-12-17 წიგნი
        2018-12-17 46464 2018-12-17 2018-12-17 წიგნი